000
00313nam a2200145Ia 4500
100
_a
Swaluw/ H.L.
650
_a
Electrical Engineering
490
_v
2
942
_c
BK
654
_a
television
245
_a
World television circuits
260
_b
Philips
_a
New Delhi
_c
1980
546
_a
ENGLISH
999
_c
18473
_d
18473